000 00406nam a2200133 i 4500
001 26791
003 ES-MaACL
007 t|
008 030110s1955 sp ||||1| spa d
245 0 0 _aArrendamientos rústicos
_b: legislación siempre vigente : jurisprudencia al día : indices completos.
260 _aPamplona :
_bAranzadi,
_c1955.
300 _a373 p. ;
_c18 cm.
852 _aES-MaACL
_jC-9327
_bR.37575
999 _c26791
_d26791